Geography Quiz

Random Geography or World Quiz

Countries by Capital Letter Quiz Stats

 Plays Quiz Updated Apr 25, 2018

Also try: Capital Trip
Challenge
Share
Tweet
Embed
Score 0/24 Timer 04:00
0 Plays Today
Capital starts with... Country % Correct
BIraq...
96.9%
AGreece...
93.4%
CEgypt...
89%
MSpain...
88.8%
LUnited Kingdom...
88.4%
WUnited States...
86.9%
PFrance...
86.5%
ONorway...
81.8%
DIreland...
81.1%
SChile...
80.5%
RItaly...
79.1%
TJapan...
77.5%
Capital starts with... Country % Correct
HFinland...
76.9%
KUkraine...
73.7%
VAustria...
72.2%
JIndonesia...
66.6%
NKenya...
65.6%
QEcuador
54.3%
UMongolia
49.9%
ZCroatia
49.6%
GGuatemala...
49.5%
YArmenia...
41.1%
IPakistan
40.7%
FSierra Leone...
34.6%

You're not logged in!

Compare scores with friends on all Sporcle quizzes.
Join for Free
OR
Log In

You Might Also Like...

Show Comments

Extras

Top Quizzes Today


Score Distribution

Your Account Isn't Verified!

In order to create a playlist on Sporcle, you need to verify the email address you used during registration. Go to your Sporcle Settings to finish the process.

Report this User

Report this user for behavior that violates our Community Guidelines.

Details: